000 00553nam a2200193Ia 4500
003 GCL
008 140319s9999 xx 000 0 eng d
040 _aGCL /
_cGCL
082 0 4 _a681.76
_bB M
100 1 _aBACKER, WRIGHT
245 1 0 _aMODERN WORKSHOP TECHNOLOGY: PART II MACHINE TOOLS, MANUFACTURING PROCESSES /
_cBACKER, WRIGHT
260 _a[S.N] :
_bCLEAVER - HUME PRESS LTD ،
_c1960
300 _a650 P
650 0 4 _aMACHINE - TOOLS
650 0 4 _aTECHNOLOGY
650 0 4 _aMANUFACTURING PROCESSES
650 0 4 _aWORKSHOPS
942 _2ddc
_cBK
999 _c14522
_d14522